| 000 | 00419nam a22001697a 4500 | ||
|---|---|---|---|
| 008 | 151009b xxu||||| |||| 00| 0 eng d | ||
| 020 | _a0395523397 | ||
| 041 | 0 | _aeng | |
| 080 | _a658 | ||
| 245 | 0 |
_aManagement / _cRicky W. Griffin. |
|
| 250 | _a3rd ed. | ||
| 260 |
_aBoston: _bHoughton mifflin company; _c1990. |
||
| 300 |
_a884 f.: _bme il.; _c25 cm. |
||
| 650 | 0 | _aMenaxhim | |
| 650 | 0 | _aOrganizim | |
| 942 |
_2udc _cBK |
||
| 999 |
_c1243 _d1243 |
||